[Event "GER T284-C02-S email"]
[Site "GER email"]
[Date "2018.07.05"]
[Round "?"]
[White "Schneider, German"]
[Black "Meyer, Jochen"]
[Result "1-0"]
[WhiteElo "2034"]
[BlackElo "1936"]
[PlyCount "65"]
[EventDate "2018.07.13"]
[EventType "tourn (corr)"]
[EventRounds "8"]
[EventCountry "GER"]
[SourceTitle "Corr 2022"]
[Source "ChessBase"]
[SourceDate "2021.10.24"]
[SourceVersion "1"]
[SourceVersionDate "2021.10.24"]
[SourceQuality "1"]

1. e4 e6 2. d4 d5 3. e5 b6 4. c3 Qd7 5. Nh3 h5 6. Bg5 c5 7. Nd2 Be7 8. Nf3 Bxg5 9. Nhxg5 Ne7 10. Nh4 Ba6 11. Bxa6 Nxa6 12. 0-0 f6 13. Ngf3 0-0-0 14. Qe2 c4 15. b3 Qc6 16. a4 Nc7 17. Nd2 cxb3 18. Nxb3 g5 19. exf6 gxh4 20. fxe7 Rdg8 21. a5 Rh7 22. axb6 axb6 23. Nd2 Rxe7 24. Nf3 Reg7 25. g3 hxg3 26. fxg3 Kb7 27. Rfc1 Qb5 28. Qd2 Qe8 29. c4 Qf7 30. Rc3 h4 31. c5 hxg3 32. h4 b5 33. c6+ 1-0

[Event "GER MS-244 email"]
[Site "GER email"]
[Date "2016.08.01"]
[Round "?"]
[White "Meyer, Jochen"]
[Black "Roeckendorf, Paul Uwe"]
[Result "1/2-1/2"]
[WhiteElo "1915"]
[BlackElo "2025"]
[PlyCount "62"]
[EventDate "2016.08.08"]
[EventType "tourn (corr)"]
[EventRounds "6"]
[EventCountry "GER"]
[SourceTitle "Corr 2020"]
[Source "ChessBase"]
[SourceDate "2019.09.30"]
[SourceVersion "1"]
[SourceVersionDate "2019.09.30"]
[SourceQuality "1"]

1. e4 e5 2. Nf3 Nc6 3. Bc4 Bc5 4. c3 Nf6 5. d3 d6 6. Bb3 a6 7. h3 Ba7 8. Nbd2 h6 9. Nf1 0-0 10. Ng3 d5 11. exd5 Nxd5 12. 0-0 Be6 13. Re1 Re8 14. Nh5 Qd6 15. Qd2 Nf4 16. Nxf4 Bxb3 17. axb3 exf4 18. b4 g5 19. d4 Qd5 20. Qd1 Rxe1+ 21. Qxe1 Kf8 22. Qd2 Re8 23. Qd3 Ne5 24. Nxe5 Rxe5 25. Bd2 Re6 26. b5 Qb3 27. bxa6 Rxa6 28. Rxa6 bxa6 29. Qxa6 Qd1+ 30. Kh2 Qxd2 31. Qxa7 Qxf2 1/2-1/2

[Event "GER MS-243 email"]
[Site "GER email"]
[Date "2016.07.10"]
[Round "?"]
[White "Meyer, Jochen"]
[Black "Berg, Juergen"]
[Result "1-0"]
[WhiteElo "1900"]
[BlackElo "2000"]
[PlyCount "71"]
[EventDate "2016.07.15"]
[EventType "tourn (corr)"]
[EventRounds "6"]
[EventCountry "GER"]
[SourceTitle "Corr 2020"]
[Source "ChessBase"]
[SourceDate "2019.09.30"]
[SourceVersion "1"]
[SourceVersionDate "2019.09.30"]
[SourceQuality "1"]

1. e4 e6 2. d4 d5 3. Nc3 Nf6 4. Bg5 dxe4 5. Nxe4 Be7 6. Bxf6 gxf6 7. Nf3 f5 8. Nc3 Nd7 9. Qe2 c6 10. 0-0-0 b5 11. Qe3 Bb7 12. d5 cxd5 13. Bxb5 a6 14. Bxd7+ Qxd7 15. Rhe1 Qc7 16. Nd4 Bf6 17. Nxe6 fxe6 18. Qxe6+ Be7 19. Qxf5 Rf8 20. Qxh7 Qf4+ 21. Kb1 Qf7 22. Qh4 Rd8 23. Na4 Rd7 24. Nb6 Kd8 25. Qg3 Bd6 26. Qb3 Re7 27. Rxe7 Qxe7 28. Nxd5 Bxd5 29. Qxd5 Kc7 30. Qd4 Bc5 31. Qc3 Kb7 32. f3 Rc8 33. Qd3 Ka7 34. Qd7+ Rc7 35. Qxe7 Rxe7 36. h4 1-0

[Event "GER S3G2 enginefrei email"]
[Site "GER email"]
[Date "2016.02.29"]
[Round "?"]
[White "Meyer, Jochen"]
[Black "Dreisch, Juergen"]
[Result "1-0"]
[WhiteElo "1915"]
[BlackElo "1911"]
[PlyCount "137"]
[EventDate "2016.03.07"]
[EventType "tourn (corr)"]
[EventRounds "6"]
[EventCountry "GER"]
[SourceTitle "Corr 2020"]
[Source "ChessBase"]
[SourceDate "2019.09.30"]
[SourceVersion "1"]
[SourceVersionDate "2019.09.30"]
[SourceQuality "1"]

1. e4 c5 2. Nc3 g5 3. Bc4 Nc6 4. d3 e6 5. Nge2 a6 6. a4 h6 7. f4 gxf4 8. Bxf4 Nf6 9. 0-0 Ng4 10. Ng3 Rg8 11. h3 Nge5 12. Nh5 Rg6 13. Nd5 Be7 14. Ba2 d6 15. Nxe7 Qxe7 16. Kh2 Bd7 17. c3 0-0-0 18. g3 f6 19. Be3 a5 20. d4 Nf7 21. Nf4 Rg7 22. dxc5 dxc5 23. b4 axb4 24. cxb4 cxb4 25. Rc1 Rdg8 26. Bc5 Qd8 27. Nh5 Rg6 28. Bxb4 Kb8 29. Bc3 Nce5 30. Qe2 Qe7 31. Rb1 Qd6 32. Rxf6 Rc8 33. Qb2 Bc6 34. Rxf7 Nxf7 35. Nf4 Rcg8 36. Nxg6 Rxg6 37. Qf2 h5 38. Bb4 Qc7 39. Bd2 h4 40. Rg1 Bxe4 41. Bf4 e5 42. Be3 hxg3+ 43. Rxg3 Rxg3 44. Kxg3 Nd6 45. Qf8+ Nc8 46. Be6 Qc6 47. Bg4 Qc3 48. Qc5 Qxc5 49. Bxc5 Kc7 50. a5 b6 51. Bb4 bxa5 52. Bxa5+ Kb7 53. Kh4 Nd6 54. Kg5 Kc6 55. h4 Bd3 56. Be6 Kc5 57. Be1 Kd4 58. Bf2+ Kc3 59. Ba7 Ne4+ 60. Kg6 Ng3+ 61. Kf6 Nh5+ 62. Kxe5 Bg6 63. Bf5 Be8 64. Be3 Ng3 65. Bh7 Nh5 66. Kf5 Kd3 67. Ba7 Kc4 68. Bb8 Ng7+ 69. Kf6 1-0

[Event "GER-Cup28 E/V02 email"]
[Site "GER email"]
[Date "2016.02.23"]
[Round "?"]
[White "Lukas, Norbert"]
[Black "Meyer, Jochen"]
[Result "1-0"]
[WhiteElo "1945"]
[BlackElo "1915"]
[PlyCount "103"]
[EventDate "2016.02.29"]
[EventType "tourn (corr)"]
[EventRounds "4"]
[EventCountry "GER"]
[SourceTitle "Corr 2020"]
[Source "ChessBase"]
[SourceDate "2019.09.30"]
[SourceVersion "1"]
[SourceVersionDate "2019.09.30"]
[SourceQuality "1"]

1. e4 e5 2. Nf3 Nc6 3. Bc4 Bc5 4. b4 Bxb4 5. c3 Be7 6. d4 Na5 7. Be2 exd4 8. Qxd4 d5 9. Qxg7 Bf6 10. Qg3 dxe4 11. Nd4 Ne7 12. Nb5 Nac6 13. Nxc7+ Qxc7 14. Qxc7 Be5 15. Qxe5 Nxe5 16. Nd2 Bf5 17. f3 Nd3+ 18. Bxd3 exd3 19. Kf2 0-0-0 20. Re1 Nc6 21. Nb3 b6 22. Bg5 Rd7 23. h4 h6 24. Bf6 Rg8 25. g4 Be6 26. Nd2 Na5 27. Bd4 Nc6 28. Be3 Rh8 29. h5 Kb7 30. Bf4 Na5 31. Re4 Kc6 32. Be3 Nb7 33. c4 Nd6 34. Re5 Nb7 35. Nb3 Kd6 36. Re4 Ke7 37. Rc1 Rc7 38. Rd4 Rd7 39. Rxd7+ Bxd7 40. Re1 Be6 41. Nd4 Nc5 42. Bd2 Kd6 43. Nxe6 Nxe6 44. Re3 Nc5 45. Bb4 a5 46. Rxd3+ Kc6 47. Bxc5 Kxc5 48. Rb3 Rb8 49. Rb5+ Kxc4 50. a4 Kd4 51. Kg3 Kd3 52. f4 1-0

[Event "GER-Cup28 E/V02 email"]
[Site "GER email"]
[Date "2016.02.23"]
[Round "?"]
[White "Meyer, Jochen"]
[Black "Herbold, Manfred"]
[Result "1/2-1/2"]
[WhiteElo "1915"]
[BlackElo "2095"]
[PlyCount "44"]
[EventDate "2016.02.29"]
[EventType "tourn (corr)"]
[EventRounds "4"]
[EventCountry "GER"]
[SourceTitle "Corr 2020"]
[Source "ChessBase"]
[SourceDate "2019.09.30"]
[SourceVersion "1"]
[SourceVersionDate "2019.09.30"]
[SourceQuality "1"]

1. e4 e6 2. d4 d5 3. Nc3 Nf6 4. Bg5 Bb4 5. e5 h6 6. Bd2 Bxc3 7. bxc3 Ne4 8. Qg4 g6 9. Bc1 c5 10. Bd3 Nxc3 11. dxc5 Qa5 12. Bd2 Qa4 13. h3 Ne4 14. Bxe4 Qxe4+ 15. Qxe4 dxe4 16. Ne2 Bd7 17. Rb1 Bc6 18. Nd4 e3 19. Bxe3 Bxg2 20. Rh2 Bd5 21. Nb5 Kd8 22. f4 Nd7 1/2-1/2

[Event "GER HS-175 email"]
[Site "GER email"]
[Date "2014.11.24"]
[Round "?"]
[White "Meyer, Jochen"]
[Black "Nitschke, Norbert"]
[Result "1-0"]
[WhiteElo "1848"]
[BlackElo "1720"]
[PlyCount "117"]
[EventDate "2014.12.01"]
[EventType "tourn (corr)"]
[EventRounds "6"]
[EventCountry "GER"]
[SourceTitle "Corr 2020"]
[Source "ChessBase"]
[SourceDate "2019.09.30"]
[SourceVersion "1"]
[SourceVersionDate "2019.09.30"]
[SourceQuality "1"]

1. e4 e5 2. Nf3 Nc6 3. Bc4 Nf6 4. d3 Bb4+ 5. c3 Be7 6. 0-0 0-0 7. Re1 d6 8. Nbd2 a6 9. a4 Na5 10. Ba2 c5 11. Nf1 Be6 12. Ne3 Qd7 13. Nd5 Bd8 14. Bg5 Ne8 15. Be3 Nf6 16. Ng5 Bg4 17. f3 Bh5 18. Nh3 Nc6 19. Nf2 Rc8 20. Nxf6+ Bxf6 21. Ng4 Bh4 22. g3 Bd8 23. Bf2 Bg6 24. f4 exf4 25. gxf4 Kh8 26. Ne3 f6 27. f5 Bf7 28. Bxf7 Qxf7 29. Bg3 Bc7 30. Nd5 Rfe8 31. Kh1 Na5 32. Qc2 Bb8 33. b3 Nc6 34. Qg2 Ne7 35. c4 Nxd5 36. exd5 Qh5 37. Qf1 Rxe1 38. Rxe1 Re8 39. Re6 Kg8 40. h3 Bc7 41. Kh2 b6 42. Qe1 Kf8 43. Qe4 Bb8 44. h4 Bc7 45. a5 bxa5 46. d4 cxd4 47. c5 Qf7 48. cxd6 Bb8 49. Rxe8+ Qxe8 50. Qxe8+ Kxe8 51. d7+ Kxd7 52. Bxb8 d3 53. Bf4 d2 54. Bxd2 Kd6 55. h5 Kxd5 56. Kg3 Ke4 57. Kg4 Kd3 58. Bxa5 Kc2 59. Bb4 1-0

[Event "GER HS-175 email"]
[Site "GER email"]
[Date "2014.11.24"]
[Round "?"]
[White "Vieth, Martin"]
[Black "Meyer, Jochen"]
[Result "1/2-1/2"]
[WhiteElo "1852"]
[BlackElo "1848"]
[PlyCount "59"]
[EventDate "2014.12.01"]
[EventType "tourn (corr)"]
[EventRounds "6"]
[EventCountry "GER"]
[SourceTitle "Corr 2020"]
[Source "ChessBase"]
[SourceDate "2019.09.30"]
[SourceVersion "1"]
[SourceVersionDate "2019.09.30"]
[SourceQuality "1"]

1. e4 e5 2. Nf3 Nc6 3. Bb5 a6 4. Bxc6 dxc6 5. 0-0 Qf6 6. d4 exd4 7. Bg5 Qd6 8. Nxd4 Be7 9. Be3 Nh6 10. Qd2 c5 11. Ne2 Be6 12. Qc1 Ng4 13. Bf4 Qb6 14. b3 Rg8 15. c4 g5 16. Bg3 h5 17. f3 h4 18. fxg4 hxg3 19. h3 Qd6 20. Qe3 0-0-0 21. Nbc3 Qe5 22. Qxg3 Qxg3 23. Nxg3 Rd3 24. Nd5 Bxd5 25. Nf5 Bf6 26. exd5 Bxa1 27. Ne7+ Kd8 28. Nxg8 Bd4+ 29. Kh2 a5 30. Rf3 1/2-1/2

[Event "GER-ch 2014-D-V9 serv"]
[Site "GER email"]
[Date "2014.09.29"]
[Round "?"]
[White "Eschert, Uwe"]
[Black "Meyer, Jochen"]
[Result "0-1"]
[WhiteElo "2089"]
[BlackElo "1877"]
[PlyCount "40"]
[EventDate "2014.10.06"]
[EventType "tourn (corr)"]
[EventRounds "6"]
[EventCountry "GER"]
[SourceTitle "Corr 2020"]
[Source "ChessBase"]
[SourceDate "2019.09.30"]
[SourceVersion "1"]
[SourceVersionDate "2019.09.30"]
[SourceQuality "1"]

1. e4 e5 2. Nf3 Nc6 3. Bb5 a6 4. Bxc6 dxc6 5. 0-0 Qf6 6. d4 exd4 7. Bg5 Qd6 8. Nxd4 Be7 9. Bxe7 Nxe7 10. Nc3 Bd7 11. Nb3 0-0-0 12. Qf3 Qg6 13. Nc5 Kb8 14. a4 Bc8 15. Rfe1 a5 16. Rab1 b6 17. Nd3 c5 18. Qf4 f6 19. b3 Qf7 20. Nb5 Nc6 0-1

[Event "GER-ch 2014-D-V9 serv"]
[Site "GER email"]
[Date "2014.09.29"]
[Round "?"]
[White "Fischer, Detlev"]
[Black "Meyer, Jochen"]
[Result "1/2-1/2"]
[WhiteElo "2133"]
[BlackElo "1877"]
[PlyCount "100"]
[EventDate "2014.10.06"]
[EventType "tourn (corr)"]
[EventRounds "6"]
[EventCountry "GER"]
[SourceTitle "Corr 2020"]
[Source "ChessBase"]
[SourceDate "2019.09.30"]
[SourceVersion "1"]
[SourceVersionDate "2019.09.30"]
[SourceQuality "1"]

1. d4 Nf6 2. c4 e6 3. Nf3 b6 4. a3 Bb7 5. Nc3 g6 6. Qd3 d5 7. cxd5 exd5 8. Bg5 Bg7 9. Qe3+ Qe7 10. Nb5 Qxe3 11. Bxe3 Na6 12. Bf4 0-0 13. Rc1 Ne8 14. Ne5 c5 15. e3 f6 16. Nd7 Rf7 17. dxc5 Nxc5 18. Nxc5 bxc5 19. Rxc5 g5 20. Bg3 f5 21. Be2 a6 22. Nc3 d4 23. Nd1 f4 24. exd4 fxg3 25. hxg3 Bxd4 26. Rxg5+ Kh8 27. Rg4 Rd8 28. 0-0 Nf6 29. Rf4 Re7 30. Bf3 Bxf3 31. gxf3 Re2 32. b4 Kg7 33. a4 Kg6 34. b5 axb5 35. axb5 Rc2 36. Rh4 Bc5 37. Ne3 Bxe3 38. fxe3 Rdd2 39. Kh1 Rb2 40. b6 Rxb6 41. Rh2 Rd3 42. Re1 Rbb3 43. Ra2 Rxe3 44. Rxe3 Rxe3 45. Kg2 Rd3 46. g4 Nd5 47. Ra6+ Kg7 48. Kg3 Rc3 49. Ra5 Nb4 50. Rg5+ Kf6 1/2-1/2

[Event "GER S4G1 enginefrei email"]
[Site "GER email"]
[Date "2014.03.08"]
[Round "?"]
[White "Meyer, Jochen"]
[Black "Burgstaller, Robert"]
[Result "1-0"]
[WhiteElo "1819"]
[BlackElo "1709"]
[PlyCount "65"]
[EventDate "2014.03.14"]
[EventType "tourn (corr)"]
[EventRounds "6"]
[EventCountry "GER"]
[SourceTitle "Corr 2015"]
[Source "ChessBase"]
[SourceDate "2015.07.17"]
[SourceVersion "1"]
[SourceVersionDate "2015.07.17"]
[SourceQuality "1"]

1. e4 e5 2. Nf3 Nc6 3. Bc4 Nf6 4. d3 Bc5 5. c3 d6 6. Nbd2 a6 7. Bb3 Ba7 8. h3 0-0 9. Nf1 d5 10. Qe2 Be6 11. Bg5 dxe4 12. dxe4 Bxb3 13. axb3 Qd6 14. Ng3 Qe6 15. 0-0 Ne8 16. Nd2 f6 17. Be3 Bxe3 18. Qxe3 Nd6 19. Rfe1 f5 20. exf5 Nxf5 21. Nxf5 Qxf5 22. Ne4 Rae8 23. b4 Qf7 24. Rad1 Rd8 25. Nc5 Rd6 26. Nxb7 Rf6 27. f3 Qg6 28. Kh2 Rb8 29. Nc5 Ra8 30. Rd7 Rf7 31. Red1 h5 32. Rxf7 Qxf7 33. Rd7 1-0

[Event "GER S4G1 enginefrei email"]
[Site "GER email"]
[Date "2014.03.08"]
[Round "?"]
[White "Meyer, Jochen"]
[Black "Denker, Hans Peter"]
[Result "1-0"]
[WhiteElo "1819"]
[BlackElo "1304"]
[PlyCount "29"]
[EventDate "2014.03.14"]
[EventType "tourn (corr)"]
[EventRounds "6"]
[EventCountry "GER"]
[SourceTitle "Corr 2015"]
[Source "ChessBase"]
[SourceDate "2015.07.17"]
[SourceVersion "1"]
[SourceVersionDate "2015.07.17"]
[SourceQuality "1"]

1. e4 e6 2. d4 c5 3. Nf3 Nc6 4. d5 exd5 5. exd5 Qe7+ 6. Be2 Ne5 7. 0-0 d6 8. Nxe5 Qxe5 9. Re1 Kd8 10. Bb5 Qd4 11. Qxd4 cxd4 12. Re8+ Kc7 13. Rxf8 a6 14. Na3 axb5 15. Nxb5+ 1-0

[Event "GER-ch 2014-A-V5 serv"]
[Site "GER email"]
[Date "2014.02.14"]
[Round "?"]
[White "Meyer, Jochen"]
[Black "Rickert, Willi"]
[Result "0-1"]
[WhiteElo "1819"]
[BlackElo "2011"]
[PlyCount "100"]
[EventDate "2014.02.24"]
[EventType "tourn (corr)"]
[EventRounds "6"]
[EventCountry "GER"]
[SourceTitle "Corr 2015"]
[Source "ChessBase"]
[SourceDate "2015.07.17"]
[SourceVersion "1"]
[SourceVersionDate "2015.07.17"]
[SourceQuality "1"]

1. e4 e5 2. Nf3 Nc6 3. Bc4 Bc5 4. c3 Nf6 5. d3 0-0 6. Bb3 d6 7. Bg5 h6 8. Bh4 g5 9. Nxg5 hxg5 10. Bxg5 Bg4 11. Qd2 Re8 12. Bh4 Nxe4 13. Qh6 Qxh4 14. Qxh4 Bxf2+ 15. Qxf2 Nxf2 16. Kxf2 Kg7 17. Nd2 a5 18. a4 Ne7 19. Rhe1 f5 20. h3 Bh5 21. g3 Rh8 22. h4 Raf8 23. Rg1 Bg6 24. Nf3 f4 25. g4 Bxd3 26. Rad1 e4 27. Nd4 Rh6 28. Ne6+ Rxe6 29. Bxe6 Ng6 30. Rxd3 exd3 31. Bf5 Ne5 32. b3 d5 33. Re1 Kf6 34. h5 Rh8 35. h6 Rxh6 36. g5+ Kxf5 37. gxh6 Ng4+ 38. Kg2 Nxh6 39. Rd1 c5 40. Rxd3 Ke4 41. Rh3 Ng4 42. Rh4 Ne3+ 43. Kf2 Nd1+ 44. Ke1 Nxc3 45. Kd2 d4 46. Rh7 b6 47. Rh6 Nd5 48. Re6+ Kf5 49. Rd6 Ke5 50. Rd7 f3 0-1

[Event "GER-ch 2014-A-V5 serv"]
[Site "GER email"]
[Date "2014.02.14"]
[Round "?"]
[White "Meyer, Jochen"]
[Black "Warzecha, Helmut"]
[Result "1/2-1/2"]
[WhiteElo "1819"]
[BlackElo "1968"]
[PlyCount "74"]
[EventDate "2014.02.24"]
[EventType "tourn (corr)"]
[EventRounds "6"]
[EventCountry "GER"]
[SourceTitle "Corr 2015"]
[Source "ChessBase"]
[SourceDate "2015.07.17"]
[SourceVersion "1"]
[SourceVersionDate "2015.07.17"]
[SourceQuality "1"]

1. e4 Nf6 2. e5 Nd5 3. d4 d6 4. Nf3 g6 5. Bc4 Nb6 6. Bb3 Bg7 7. Qe2 0-0 8. 0-0 Bg4 9. c3 Nc6 10. exd6 cxd6 11. Nbd2 Na5 12. Bc2 Rc8 13. h3 Be6 14. Re1 Re8 15. a4 Nd7 16. Bd3 Bd5 17. b4 Nc6 18. Ba3 e5 19. b5 Na5 20. c4 Bxf3 21. Qxf3 exd4 22. Bxd6 Bh6 23. Bf4 Rxe1+ 24. Rxe1 Bxf4 25. Qxf4 Nc5 26. Bf1 Ne6 27. Qe5 Rc5 28. Qg3 b6 29. Ne4 Rf5 30. Nd6 Rg5 31. Qh2 Qc7 32. f4 Rc5 33. Ne4 Rf5 34. g3 Nb3 35. Bd3 Nbc5 36. Qe2 Nxa4 37. Nf2 Rc5 1/2-1/2